000 00288nam a22001337a 4500
008 181022b xxu||||| |||| 00| 0 eng d
020 _a9780764144646
041 _aeng
080 _a910
100 _a42
101 _aGJEO
245 _aE-Z Earth Science
_cSills,A.D
942 _2udc
_cBK
999 _c50446
_d50446